000
00305cam a2200133ua 4500
041
_a
mal
_h
082
_a
894.812 301
_b
VAR/HR
100
_a
Varkey, Ponkunnam .
245
_a
Hridayanadam /
_c
Ponkunnam Varkey.
_h
Textual Documents
300
_a
100 ; .
504
_a
942
_c
BK
999
_c
6620
_d
6620